I Click Dead People II Quiz Stats

 Plays Quiz not verified by Sporcle

Challenge
Share
Tweet
Embed
Score 0/25 Timer 05:00
0 Plays Today
% Correct
Bonnie Parker [Bonnie & Clyde]
95.5%
Hans Gruber [Die Hard]
93.5%
Wicked Witch of the West [The Wizard of Oz]
91.7%
Captain John H. Miller [Saving Private Ryan]
91.1%
John Coffey [The Green Mile]
90.9%
Tony Montana [Scarface]
89.1%
Charles Foster Kane [Citizen Kane]
87.7%
Sonny Corleone [The Godfather]
85.9%
Tommy DeVito [Goodfellas]
82.6%
R.P. McMurphy [One Flew Over the Cuckoo's Nest]
82.2%
Amon Goeth [Schindler's List]
82.1%
The Terminator [Terminator 2: Judgment Day]
80.3%
Ratso Rizzo [Midnight Cowboy]
79.5%
% Correct
Spartacus [Spartacus]
79.2%
Joker [Batman]
77.9%
Luke Jackson [Cool Hand Luke]
76.6%
Vizzini [The Princess Bride]
76.6%
Warden Samuel Norton [The Shawshank Redemption]
76.3%
Donny Kerabatsos [The Big Lebowski]
74.3%
Fred C. Dobbs [The Treasure of the Sierra Madre]
73.4%
Sir Robin [Monty Python and the Holy Grail]
72.5%
Syndrome [The Incredibles]
67.6%
Cody Jarrett [White Heat]
63.9%
Dr. Strangelove [Dr. Strangelove]
62.7%
T.E. Lawrence [Lawrence of Arabia]
62.3%

You're not logged in!

Compare scores with friends on all Sporcle quizzes.
Join for Free
OR
Log In

You Might Also Like...

Show Comments

Extras

Top Quizzes Today


Score Distribution

Your Account Isn't Verified!

In order to create a playlist on Sporcle, you need to verify the email address you used during registration. Go to your Sporcle Settings to finish the process.

Report this User

Report this user for behavior that violates our Community Guidelines.

Details: